True or False Blitz: Miscellaneous Quiz Stats

 Plays Quiz Updated Apr 18, 2018

Challenge
Share
Tweet
Embed
Score 0/20 Timer 02:00
9 Plays Today
Question Answer Wrong Answers
COLOR
Jade is a shade of green
True
91%
False
5.2%
AUTOMOBILES
Hyundai is a car company based in South Korea
True
84.1%
False
12%
BABY NAMES
David was one of the 100 most popular boys names in the USA in the 2000s
True
84%
False
12.1%
VOCABULARY
The acronym LOL is documented in the Oxford English Dictionary
True
83%
False
13%
TOPOGRAPHY
The Strait of Messina lies between mainland Italy and Sicily
True
77%
False
19.1%
FOOD
A tandoor is a name for a type of cooking oven
True
72%
False
23.9%
UNIVERSITY
Yale University is located in the state of New York
False
71.6%
True
24.5%
POLITICS
There are 100 seats in the US Senate
True
70.9%
False
25.3%
COMPANY
The Coca-Cola Company has its headquarters in Massachusetts
False
69.8%
True
26.3%
ANIMALS
A merino is a breed of pig
False
68.2%
True
27.9%
AFRICA
Timbuktu is located in Chad
False
66.9%
True
29.3%
FLAGS
The flag of Sweden is the oldest national flag in the world
False
65.6%
True
30.3%
CONSOLE
The Game Boy was a video game device manufactured by Sega
False
64.6%
True
31.6%
MATH
A dodecahedron is another name for a square-based pyramid
False
62.4%
True
33.7%
FOOD
Farfalle are a type of pasta in the shape of a narrow tube
False
58%
True
38.1%
US PRESIDENTS
Theodore Roosevelt died before John Logie Baird invented the television
True
56.9%
False
39.1%
SHAKESPEARE
William Shakespeare never married
False
56.2%
True
40%
COMPANY
The Meiji Jingu is the name for the Stock Exchange in Tokyo
False
52.6%
True
43.3%
GENERAL KNOWLEDGE
The fashion designer Vera Wang is Canadian
False
50.7%
True
45.4%
NOVEL
Frankenstein's monster was actually given a proper name in Mary Shelley's original novel
False
48.4%
True
47.7%

You're not logged in!

Compare scores with friends on all Sporcle quizzes.
OR
Log In

You Might Also Like...

Show Comments

Extras

Top Quizzes Today


Score Distribution

Your Account Isn't Verified!

In order to create a playlist on Sporcle, you need to verify the email address you used during registration. Go to your Sporcle Settings to finish the process.

Report this User

Report this user for behavior that violates our Community Guidelines.

Details: